<?xml version="1.0" encoding="UTF-8"?>
<record
    xmlns:xsi="http://www.w3.org/2001/XMLSchema-instance"
    xsi:schemaLocation="http://www.loc.gov/MARC21/slim http://www.loc.gov/standards/marcxml/schema/MARC21slim.xsd"
    xmlns="http://www.loc.gov/MARC21/slim">

  <leader>02080nam a2200253   4500</leader>
  <controlfield tag="005">20250131094420.0</controlfield>
  <controlfield tag="008">231218b        |||||||| |||| 00| 0 eng d</controlfield>
  <datafield tag="020" ind1=" " ind2=" ">
    <subfield code="a">9789584982247</subfield>
  </datafield>
  <datafield tag="037" ind1=" " ind2=" ">
    <subfield code="3">Donaci&#xF3;n </subfield>
  </datafield>
  <datafield tag="040" ind1=" " ind2=" ">
    <subfield code="a">CO-JMCR</subfield>
    <subfield code="c">CO-JMCR</subfield>
    <subfield code="d">CO-JMCR</subfield>
    <subfield code="e">rda</subfield>
  </datafield>
  <datafield tag="041" ind1=" " ind2=" ">
    <subfield code="a">spa</subfield>
  </datafield>
  <datafield tag="082" ind1=" " ind2=" ">
    <subfield code="a">J-C</subfield>
    <subfield code="b">BLAa</subfield>
  </datafield>
  <datafield tag="100" ind1=" " ind2=" ">
    <subfield code="a">Blandon Schiller, Alberto </subfield>
    <subfield code="e">Autor</subfield>
    <subfield code="9">43086</subfield>
  </datafield>
  <datafield tag="245" ind1=" " ind2=" ">
    <subfield code="a">Acarreo de laberintos / </subfield>
    <subfield code="c">Alberto Blandon Schiller </subfield>
  </datafield>
  <datafield tag="260" ind1=" " ind2=" ">
    <subfield code="a">Bogot&#xE1;: </subfield>
    <subfield code="b">Grubean&#xB4;s press inc, </subfield>
    <subfield code="c">2023</subfield>
  </datafield>
  <datafield tag="300" ind1=" " ind2=" ">
    <subfield code="a">150 p&#xE1;ginas </subfield>
    <subfield code="b">Contiene fotograf&#xED;as del autor </subfield>
    <subfield code="c">21 cm </subfield>
  </datafield>
  <datafield tag="505" ind1=" " ind2=" ">
    <subfield code="a">Libro 1 Bestiario desolado:  Mukura; Las bristinas; Caracoles de colores. 
Libro 2 Los lugares del dolor: Cuatofrenia; Deja la muleta y el bast&#xF3;n; Cenizas
Libro 3 Ritual de precipicios: Este cad&#xE1;ver no es m&#xED;o; Mellizos; Santuario; Sordo silencio.
Libro 4 De sombras incesantes: &#xBF;Cuanto falta para el domingo?; La dama de las nieves; Vestida de silencio. 
Libro 5 &#xC1;ngelus del extravio: Ora pro Nobis; Acarreo de laberintos. </subfield>
  </datafield>
  <datafield tag="520" ind1=" " ind2=" ">
    <subfield code="a">Acarreo de laberintos, de Alberto Bland&#xF3;n Schiller, es un libro cuya singularidad radica en socavar su propia abstracci&#xF3;n m&#xED;tica mediante una &#xE9;pica de lo nimio: el dolor y el cuerpo adolorido.

En efecto, el autor aborda la experiencia del dolor eso que Plat&#xF3;n catalogaba entre las cosas despreciables por poco filos&#xF3;ficas como el vello p&#xFA;bico, el fango, o la basura- y la experiencia del cuerpo adolorido considerado como un monstruo que amenaza el orden establecido-; exigiendo para ellas la misma atenci&#xF3;n que suscita lo m&#xE1;s sublime.

As&#xED;, la lectura del libro transcurre como un tr&#xE1;nsito son&#xE1;mbulo por espacios en perpetua demolici&#xF3;n donde cualquier rumbo significa aislamiento, p&#xE9;rdida de contacto f&#xED;sico en medio de un fragor espantosamente racional cuyos lenguajes son los de la violencia m&#xE1;s irracional: la violencia del orden</subfield>
  </datafield>
  <datafield tag="521" ind1=" " ind2=" ">
    <subfield code="a">Adultos</subfield>
  </datafield>
  <datafield tag="650" ind1=" " ind2=" ">
    <subfield code="2">JMCR </subfield>
    <subfield code="a">Dolor en la literatura </subfield>
    <subfield code="v">Cuentos </subfield>
    <subfield code="9">43087</subfield>
  </datafield>
  <datafield tag="650" ind1=" " ind2=" ">
    <subfield code="2">JMCR </subfield>
    <subfield code="a">Violencia </subfield>
    <subfield code="v">Cuentos </subfield>
    <subfield code="9">43088</subfield>
  </datafield>
  <datafield tag="650" ind1=" " ind2=" ">
    <subfield code="2">JMCR </subfield>
    <subfield code="a">Cuerpo humano</subfield>
    <subfield code="x">Literatura </subfield>
    <subfield code="9">43089</subfield>
  </datafield>
  <datafield tag="942" ind1=" " ind2=" ">
    <subfield code="2">ddc</subfield>
    <subfield code="c">BK</subfield>
  </datafield>
  <datafield tag="999" ind1=" " ind2=" ">
    <subfield code="c">30477</subfield>
    <subfield code="d">16861</subfield>
  </datafield>
  <datafield tag="952" ind1=" " ind2=" ">
    <subfield code="0">0</subfield>
  </datafield>
</record>
